书目信息 |
| 题名: |
新编公民消费信贷法律手册
|
|
| 作者: | ;中国法制出版社 编 | |
| 分册: | ||
| 出版信息: | 北京 中国法制出版社 2004.01 |
|
| 页数: | 352页 | |
| 开本: | 21cm | |
| 丛书名: | ||
| 单 册: | ||
| 中图分类: | D922.282 | |
| 科图分类: | ||
| 主题词: | 消费--信贷管理--法规--中国--手册 | |
| 电子资源: | ||
| ISBN: | 7-80182-148-3 | |
| 000 | 00763nam0 2200229 450 | |
| 001 | 0141422577 | |
| 005 | 20051025084859.73 | |
| 010 | @a7-80182-148-3@dCNY19.00 | |
| 100 | @a20050224d2004 km y0chiy0120 ea | |
| 101 | 0 | @achi |
| 102 | @aCN@b110000 | |
| 105 | @ay z 000yy | |
| 200 | 1 | @a新编公民消费信贷法律手册@Axin bian gong min xiao fei xin dai fa lu shou ce |
| 210 | @a北京@c中国法制出版社@d2004.01 | |
| 215 | @a352页@d21cm | |
| 314 | @a责任者取自在版编目数据。 | |
| 330 | @a本书主要包括综合,住房贷款,汽车贷款,助学贷款,小额信贷,扶贫、就业信贷等内容。 | |
| 606 | 0 | @a消费@x信贷管理@x法规@y中国@x手册 |
| 690 | @aD922.282@v4 | |
| 711 | 02 | @a中国法制出版社@Azhong guo fa zhi chu ban she@4编 |
| 801 | 0 | @aCN@bbQSSK@c20051025 |
| 905 | @a10447@dD922.282@eZ494 | |
| 新编公民消费信贷法律手册.-北京:中国法制出版社,2004.01 |
| 352页;21cm |
| ISBN 7-80182-148-3:CNY19.00 |
| 本书主要包括综合,住房贷款,汽车贷款,助学贷款,小额信贷,扶贫、就业信贷等内容。 |
| ● |
| 相关链接 |
|
|
|
正题名:新编公民消费信贷法律手册
索取号:D922.282/Z494
 
预约/预借
| 序号 | 登录号 | 条形码 | 馆藏地/架位号 | 状态 | 备注 |
| 1 | 572304 | 205723047 | 社科库509/509社科库 86排9列5层/ [索取号:D922.282/Z494] | 在馆 |